| 000 | 00987cad a22001935a 4500 | ||
|---|---|---|---|
| 008 | 080111e20071011xxk f 000 0 eng d | ||
| 041 | 0 | _aeng | |
| 050 | 0 | 4 | _a333.33 $2 18 |
| 110 | 2 |
_aCarsberg, Bryan Victor _cSir _d1939- |
|
| 245 | 0 | 0 |
_aCarsberg review of residential property _bstandards, regulation, redress and competition in the 21st century - a consultation paper |
| 260 |
_aLondon, _bRICS, _cOctober 2007 |
||
| 300 | _a29p. | ||
| 520 | _aConsultation paper for the Carsberg Review of Residential Property, sponsored by RICS, NAEA and ARLA. The Review aims to report on standards, regulation and redress. It will consider the broad implications of the institutional structures for property transactions. Sets out key considerations within the area for consultation. The deadline for responses was 7 January 2008. | ||
| 521 | 2 | _aAdvanced | |
| 590 | _aKA | ||
| 651 | 4 | _aUnited Kingdom | |
| 690 | _aPROPERTY-RESIDENTIAL PROPERTY-RESIDENTIAL PROPERTY MARKET | ||
| 942 |
_n0 _2ddc |
||
| 999 |
_c107789 _d107789 |
||